Sanat - "Niin minä neitonen sinulle laulan" - Suomalainen kansanlaulu - Statistics

Yleistilastot
  • Tätä visaa on pelattu 15 kertaa
  • Keskiarvotulos 66 / 98
Vastaustilastot
Vastaus % Oikein
en
100%
en
100%
kuin
100%
kuin
100%
kuin
100%
kuin
100%
kuin
100%
kuin
100%
kullalleni
100%
kullalleni
100%
Kullalleni
100%
laula
100%
laula
100%
laulan
100%
laulan
100%
minä
100%
minä
100%
minä
100%
minä
100%
minä
100%
minä
100%
minä
100%
minä
100%
minä
100%
minä
100%
neitonen
100%
neitonen
100%
Niin
100%
niin
100%
niin
100%
niin
100%
niin
100%
niin
100%
omalle
100%
omalle
100%
sinulle
100%
sinulle
100%
jos
89%
jos
89%
on
89%
on
89%
mieli
78%
mieli
78%
olis
78%
olis
78%
omakseni
78%
omakseni
78%
ottaisin
78%
ottaisin
78%
valtaa
78%
valtaa
78%
enkä
67%
enkä
67%
laulelen
67%
laulelen
67%
metsän
67%
metsän
67%
muille
67%
muille
67%
puille
67%
puille
67%
ja
44%
ja
44%
kallioille
44%
kallioille
44%
kellekäs
44%
kellekäs
44%
Vaan
44%
vaan
44%
lintu
33%
lintu
33%
ole
33%
ole
33%
ole
33%
ole
33%
ole
33%
ole
33%
olen
33%
olen
33%
taivaan
33%
taivaan
33%
ei
22%
ei
22%
ei
22%
ei
22%
ei
22%
ei
22%
lohduttajaa
22%
lohduttajaa
22%
majaa
22%
majaa
22%
mulla
22%
mulla
22%
mulla
22%
mulla
22%
ystävää
22%
ystävää
22%
kullaleni
0%
Ehtoja vastaavia visoja ei löytynyt
Tulosjakauma
Jokaisen tuloksen saaneiden osuus
Persentiili vastausten määrän mukaan
Tuloshistoriasi
Et ole pelannut tätä visaa